000 00561nam a2200205Ia 4500
005 20250508165444.0
008 008 250505s9999 xx 000 0 hin d
020 _a978-93-5000-171-4
037 _aTextual
040 _aFEDL
_beng
_cFEDL
041 _ahin
_2hin
084 _a407, DIL
_qFEDL
100 _aDileep Singh
_9780927
245 0 _aAnya bhasha- shikshan ke brihat sandarbh
260 _aNew Delhi, India
_bVani Prakashan
_c2010
300 _a155p.
365 _aINR
_b250
942 _cTEXL
_h407, DIL
999 _c1395194
_d1395194